[Event "Reunion op 20th"]
[Site "St Denis"]
[Date "2018.10.18"]
[Round "5"]
[White "Mohamed, Keziah"]
[Black "Parame, Bruno"]
[Result "1-0"]
[WhiteElo "1070"]
[BlackElo "1399"]
[PlyCount "57"]
[EventDate "2018.10.14"]
[EventType "swiss"]
[EventRounds "9"]
[EventCountry "RUF"]
[SourceTitle "CBM 187 Extra"]
[Source "ChessBase"]
[SourceDate "2018.11.04"]
[SourceVersion "1"]
[SourceVersionDate "2018.11.04"]
[SourceQuality "1"]

1. e4 Nc6 2. Nf3 Nf6 3. Nc3 e5 4. d3 Bc5 5. Be3 Bxe3 6. fxe3 d6 7. h3 b6 8. Qe2 Ba6 9. 0-0-0 Nb4 10. Kb1 Nd7 11. Qf2 Qf6 12. d4 exd4 13. exd4 Bb7 14. Bb5 0-0-0 15. Rhe1 Qe6 16. d5 Qg6 17. Rd2 Rhe8 18. Qd4 a5 19. e5 Re7 20. exd6 Rxe1+ 21. Nxe1 Qxd6 22. Nf3 f6 23. g4 g5 24. h4 h6 25. a3 Nxd5 26. Nxd5 Bxd5 27. Qxd5 Qe7 28. Bxd7+ Rxd7 29. Qa8# 1-0

[Event "Reunion op 18th"]
[Site "St Denis"]
[Date "2016.10.14"]
[Round "7"]
[White "Mohamed, Keziah"]
[Black "Siffert, Arman"]
[Result "1-0"]
[WhiteElo "1010"]
[BlackElo "1270"]
[PlyCount "61"]
[EventDate "2016.10.10"]
[EventType "swiss"]
[EventRounds "7"]
[EventCountry "RUF"]
[SourceTitle "CBM 175 Extra"]
[Source "ChessBase"]
[SourceDate "2016.12.12"]
[SourceVersion "1"]
[SourceVersionDate "2016.12.12"]
[SourceQuality "1"]

1. e4 e5 2. Nf3 Nc6 3. Nc3 Nf6 4. Bc4 Qe7 5. d3 d6 6. h3 Bd7 7. Bg5 0-0-0 8. Nd5 Qe8 9. c3 h6 10. Nxf6 gxf6 11. Bxf6 Rg8 12. Bxd8 Qxd8 13. g3 Qf6 14. a4 Be8 15. b4 Qg6 16. a5 f5 17. exf5 Qxf5 18. Bxg8 Bh5 19. g4 Bxg4 20. hxg4 Qxg4 21. Bb3 Qg2 22. Rg1 Qh3 23. Qe2 d5 24. 0-0-0 Bg7 25. Rxg7 b6 26. Bxd5 Kb7 27. b5 bxa5 28. Bxc6+ Kb6 29. d4 e4 30. c4 exf3 31. c5# 1-0

[Event "Reunion op 18th"]
[Site "St Denis"]
[Date "2016.10.11"]
[Round "4"]
[White "Leccia, Antoine"]
[Black "Mohamed, Keziah"]
[Result "1-0"]
[WhiteElo "1342"]
[BlackElo "1010"]
[PlyCount "41"]
[EventDate "2016.10.10"]
[EventType "swiss"]
[EventRounds "7"]
[EventCountry "RUF"]
[SourceTitle "CBM 175 Extra"]
[Source "ChessBase"]
[SourceDate "2016.12.12"]
[SourceVersion "1"]
[SourceVersionDate "2016.12.12"]
[SourceQuality "1"]

1. d4 d5 2. Nf3 Nc6 3. c4 e5 4. dxe5 dxc4 5. Qxd8+ Nxd8 6. e3 Be6 7. Be2 Nc6 8. 0-0 0-0-0 9. Nbd2 b5 10. b3 Na5 11. bxc4 bxc4 12. Ng5 Bd5 13. e4 c3 14. Ndf3 Bc6 15. Nxf7 Bxe4 16. Nxd8 Kxd8 17. Be3 Nc4 18. Bxc4 Bb4 19. Rfd1+ Kc8 20. Ba6+ Kb8 21. Rd8# 1-0